drapeaux des pays en n et p - Statistiques

Statistiques générales
  • Ce quiz a été pris 74 fois
  • Le résultat moyen est 14 sur 16
Statistiques - réponses
Par images Réponse % Correct
portugal
100%
norvege
99%
Pakistan
99%
Panama
99%
Nigeria
97%
pays-bas
97%
perou
96%
nouvelle zélande
94%
Nicaragua
90%
Philippines
84%
namibie
83%
Palaos
81%
Paraguay
78%
Niger
75%
papouasie nouvelle guinée
72%
Nauru
68%
Aucun quiz correspondant
Distribution des résultats
% des personnes avec chaque résultat
Percentile par nombre de réponses
Votre historique - résultats
Vous n’avez pas pris ce quiz